000 00921nam a2200265 a 4500
001 52594
003 BD-RjUL
005 20211209075831.0
008 160922r19781975wau b 001 0 eng
020 _a0875892671
035 _a(BD-RjUL)52714
040 _aDLC
_cDLC
_dDLC
_dBD-RjUL
_beng
041 _aeng
082 0 0 _223
_a378.12
_bGAT 1978
100 1 _aGaff, Jerry G.
_9157286
245 1 0 _aToward faculty renewal :
_badvances in faculty, instructional, and organizational development /
_cJerry G. Gaff.
260 _aSan Francisco ;
_aWashington :
_bJossey-Bass Publishers,
_cc1975 [printing 1978].
300 _axviii, 244 p. ;
_c24 cm.
490 0 _aThe Jossey-Bass series in higher education.
504 _aInclude bibliography and index.
650 0 _aCollege teaching.
_9157287
650 0 _aCollege teaching.
_9157288
830 _aThe Jossey-Bass series in higher education.
_9143439
942 _2ddc
_cBK
999 _c52594
_d52594